Electoral Districts of New Brunswick - Statistics

General Stats
  • This quiz has been taken 5 times
  • The average score is 25 of 47
Answer Stats
District % Correct
Fredericton North
100%
Campbellton-Dalhousie
75%
Dieppe
75%
Fredericton South
75%
Kent North
75%
Kent South
75%
Moncton Centre
75%
Moncton East
75%
Restigouche West
75%
Riverview
75%
Saint John East
75%
Albert
50%
Bathurst West-Beresford
50%
Carleton
50%
Carleton-Victoria
50%
Carleton-York
50%
Fredericton-Grand Lake
50%
Fredericton West-Hanwell
50%
Fredericton-York
50%
Fundy-The Isles-Saint John West
50%
Gagetown-Petitcodiac
50%
Hampton
50%
Kings Centre
50%
Madawaska-les-Lacs-Edmundston
50%
Memramcook-Tantramar
50%
Miramichi
50%
Miramichi Bay-Neguac
50%
Moncton Northwest
50%
New Maryland-Sunbury
50%
Oromocto-Lincoln
50%
Quispamsis
50%
Restigouche-Chaleur
50%
Rothesay
50%
Saint Croix
50%
Saint John Harbour
50%
Shediac Bay-Dieppe
50%
Shediac-Beaubassin-Cap-Pelé
50%
Shippagan-Lamèque-Miscou
50%
Tracadie-Sheila
50%
Victoria-La Vallée
50%
Bathurst East-Nepisiguit-Saint-Isidore
25%
Caraquet
25%
Moncton South
25%
Moncton Southwest
25%
Portland-Simonds
25%
Sussex-Fundy-St. Martins
25%
Edmunston-Madawaska Centre
0%
No matching quizzes found
Score Distribution
Percent of People with Each Score
Percentile by Number Answered
Your Score History
You have not taken this quiz